[Event "EYCC 2024 - O12"]
[Site "?"]
[Date "2024.08.28"]
[Round "6.1"]
[White "Ambartsumian, Tyhran"]
[Black "Nicot, Valentin"]
[Result "1/2-1/2"]
[BlackElo "2068"]
[WhiteElo "2156"]
[LiveChessVersion "1.4.8"]

1. e4 {[%clk 1:30:15]} c6 {[%clk 1:30:20]} 2. d4 {[%clk 1:30:37]} d5
{[%clk 1:30:30]} 3. e5 {[%clk 1:31:00]} Bf5 {[%clk 1:30:28]} 4. h4
{[%clk 1:31:22]} h5 {[%clk 1:30:30]} 5. Bd3 {[%clk 1:31:46]} Bxd3
{[%clk 1:30:21]} 6. Qxd3 {[%clk 1:32:01]} Qa5+ {[%clk 1:30:00]} 7. Nd2
{[%clk 1:31:47]} e6 {[%clk 1:29:53]} 8. Ngf3 {[%clk 1:32:13]} Nh6
{[%clk 1:28:31]} 9. O-O {[%clk 1:31:42]} Nf5 {[%clk 1:28:01]} 10. Nb3
{[%clk 1:32:05]} Qa6 {[%clk 1:18:21]} 11. Qd1 {[%clk 1:32:31]} Nd7
{[%clk 1:14:59]} 12. Bg5 {[%clk 1:32:54]} Be7 {[%clk 0:57:23]} 13. Bxe7
{[%clk 1:32:42]} Nxe7 {[%clk 0:53:37]} 14. Nc1 {[%clk 1:33:06]} Nf5
{[%clk 0:47:04]} 15. Ne2 {[%clk 1:33:15]} O-O-O {[%clk 0:44:42]} 16. Ng3
{[%clk 1:31:21]} Nxg3 {[%clk 0:40:31]} 17. fxg3 {[%clk 1:31:45]} f6
{[%clk 0:40:52]} 18. Qe1 {[%clk 1:26:45]} Rde8 {[%clk 0:39:35]} 19. Qe3
{[%clk 1:26:31]} Rhf8 {[%clk 0:33:26]} 20. c3 {[%clk 1:23:10]} Qb6
{[%clk 0:29:27]} 21. b3 {[%clk 1:20:59]} Qc7 {[%clk 0:26:12]} 22. Rae1
{[%clk 0:48:44]} fxe5 {[%clk 0:20:44]} 23. Nxe5 {[%clk 0:49:08]} Nxe5
{[%clk 0:19:35]} 24. Rxf8 {[%clk 0:48:17]} Rxf8 {[%clk 0:19:58]} 25. Qxe5
{[%clk 0:48:42]} Rf6 {[%clk 0:18:49]} 26. Qxh5 {[%clk 0:41:48]} Qxg3
{[%clk 0:18:35]} 27. Qe8+ {[%clk 0:42:15]} Kc7 {[%clk 0:18:57]} 28. Qe7+
{[%clk 0:42:40]} Kc8 {[%clk 0:18:43]} 29. Qe8+ {[%clk 0:43:05]} Kc7
{[%clk 0:19:07]} 1/2-1/2

[Event "EYCC 2024 - O12"]
[Site "?"]
[Date "2024.08.28"]
[Round "6.2"]
[White "Golis, Wiktor"]
[Black "Ritzerveld, Noah"]
[Result "1-0"]
[BlackElo "2293"]
[WhiteElo "2216"]
[LiveChessVersion "1.4.8"]

1. d4 {[%clk 1:30:59]} d5 {[%clk 1:30:54]} 2. c4 {[%clk 1:31:24]} c6
{[%clk 1:31:17]} 3. Nf3 {[%clk 1:31:48]} Nf6 {[%clk 1:31:41]} 4. Nc3
{[%clk 1:32:12]} dxc4 {[%clk 1:28:57]} 5. a4 {[%clk 1:32:34]} Bf5
{[%clk 1:29:17]} 6. Ne5 {[%clk 1:32:59]} Nbd7 {[%clk 1:27:39]} 7. Nxc4
{[%clk 1:33:22]} Qc7 {[%clk 1:27:57]} 8. g3 {[%clk 1:33:34]} e5 {[%clk 1:28:00]}
9. dxe5 {[%clk 1:34:00]} Nxe5 {[%clk 1:28:25]} 10. Bf4 {[%clk 1:34:22]} Nfd7
{[%clk 1:28:40]} 11. Bg2 {[%clk 1:34:43]} g5 {[%clk 1:28:19]} 12. Ne3
{[%clk 1:34:48]} gxf4 {[%clk 1:28:42]} 13. Nxf5 {[%clk 1:35:13]} O-O-O
{[%clk 1:29:01]} 14. Qc2 {[%clk 1:35:35]} fxg3 {[%clk 1:28:54]} 15. hxg3
{[%clk 1:35:57]} Kb8 {[%clk 1:28:01]} 16. O-O-O {[%clk 1:34:42]} Bb4
{[%clk 1:23:19]} 17. Kb1 {[%clk 1:26:39]} a5 {[%clk 1:17:08]} 18. Na2
{[%clk 1:07:07]} Nb6 {[%clk 1:07:32]} 19. Nxb4 {[%clk 0:47:44]} axb4
{[%clk 1:07:32]} 20. a5 {[%clk 0:46:02]} Nbd7 {[%clk 0:43:19]} 21. Qa4
{[%clk 0:27:54]} Nc4 {[%clk 0:30:56]} 22. Qxb4 {[%clk 0:25:33]} Nxa5
{[%clk 0:29:59]} 23. Qc3 {[%clk 0:23:09]} Ne5 {[%clk 0:25:12]} 24. b4
{[%clk 0:19:28]} Nac4 {[%clk 0:20:30]} 25. f4 {[%clk 0:19:48]} Rxd1+
{[%clk 0:17:15]} 26. Rxd1 {[%clk 0:20:13]} Rd8 {[%clk 0:17:17]} 27. Rxd8+
{[%clk 0:16:00]} Qxd8 {[%clk 0:17:38]} 28. Kc1 {[%clk 0:11:34]} Qf6
{[%clk 0:09:45]} 29. fxe5 {[%clk 0:11:19]} Qg5+ {[%clk 0:10:07]} 30. e3
{[%clk 0:11:13]} Qxf5 {[%clk 0:09:36]} 31. Qxc4 {[%clk 0:11:11]} Qxe5
{[%clk 0:09:01]} 32. Qf4 {[%clk 0:11:17]} 1-0

[Event "EYCC 2024 - O12"]
[Site "?"]
[Date "2024.08.28"]
[Round "6.3"]
[White "Torres Rebolledo, Alvaro"]
[Black "Radzimski, Antoni"]
[Result "0-1"]
[BlackElo "2062"]
[WhiteElo "2193"]
[LiveChessVersion "1.4.8"]

1. e4 {[%clk 1:30:04]} e5 {[%clk 1:30:56]} 2. Nf3 {[%clk 1:30:25]} Nc6
{[%clk 1:31:21]} 3. Bc4 {[%clk 1:30:45]} Bc5 {[%clk 1:30:39]} 4. d3
{[%clk 1:30:09]} Nf6 {[%clk 1:30:18]} 5. c3 {[%clk 1:28:24]} d6 {[%clk 1:30:20]}
6. Nbd2 {[%clk 1:25:09]} a6 {[%clk 1:29:56]} 7. Bb3 {[%clk 1:24:46]} h6
{[%clk 1:28:23]} 8. h3 {[%clk 1:24:27]} Ba7 {[%clk 1:28:44]} 9. Nf1
{[%clk 1:22:37]} Ne7 {[%clk 1:24:55]} 10. Ng3 {[%clk 1:20:36]} Ng6
{[%clk 1:24:30]} 11. O-O {[%clk 1:18:53]} O-O {[%clk 1:24:26]} 12. Qe2
{[%clk 1:16:44]} c6 {[%clk 1:20:29]} 13. Rd1 {[%clk 1:15:04]} Re8
{[%clk 1:17:31]} 14. Bd2 {[%clk 1:08:17]} d5 {[%clk 1:12:58]} 15. Bc2
{[%clk 1:04:53]} Qc7 {[%clk 1:11:10]} 16. b4 {[%clk 0:56:56]} Be6
{[%clk 1:06:51]} 17. Nh2 {[%clk 0:44:17]} Qd7 {[%clk 0:54:35]} 18. Nh5
{[%clk 0:39:19]} Nh7 {[%clk 0:49:46]} 19. Ng4 {[%clk 0:31:30]} f5
{[%clk 0:45:28]} 20. exf5 {[%clk 0:29:36]} Bxf5 {[%clk 0:45:32]} 21. Ng3
{[%clk 0:26:20]} Nf4 {[%clk 0:42:30]} 22. Qf1 {[%clk 0:19:14]} Bxg4
{[%clk 0:42:37]} 23. hxg4 {[%clk 0:19:28]} Qxg4 {[%clk 0:40:46]} 24. d4
{[%clk 0:19:08]} e4 {[%clk 0:39:08]} 25. a4 {[%clk 0:16:01]} Ng5 {[%clk 0:36:40]}
26. b5 {[%clk 0:15:28]} Bb8 {[%clk 0:35:16]} 27. bxc6 {[%clk 0:14:50]} bxc6
{[%clk 0:34:17]} 28. Rab1 {[%clk 0:13:37]} e3 {[%clk 0:27:38]} 29. Bxe3
{[%clk 0:11:09]} Rxe3 {[%clk 0:26:02]} 30. fxe3 {[%clk 0:09:16]} Qxg3
{[%clk 0:25:29]} 31. exf4 {[%clk 0:09:03]} Bxf4 {[%clk 0:24:56]} 32. Bh7+
{[%clk 0:05:46]} Kh8 {[%clk 0:22:23]} 33. Bf5 {[%clk 0:06:06]} Rf8
{[%clk 0:20:14]} 34. Qd3 {[%clk 0:04:10]} Be3+ {[%clk 0:20:15]} 35. Kh1
{[%clk 0:04:34]} Qh4+ {[%clk 0:20:26]} 36. Bh3 {[%clk 0:04:57]} Nxh3
{[%clk 0:20:48]} 37. Qxe3 {[%clk 0:05:10]} Nf2+ {[%clk 0:21:15]} 0-1

[Event "EYCC 2024 - O12"]
[Site "?"]
[Date "2024.08.28"]
[Round "6.4"]
[White "Papai, Mate"]
[Black "Saminskij, Jan"]
[Result "1-0"]
[BlackElo "2115"]
[WhiteElo "1985"]
[LiveChessVersion "1.4.8"]

1. d4 {[%clk 1:30:58]} Nf6 {[%clk 1:30:05]} 2. c4 {[%clk 1:31:18]} g6
{[%clk 1:30:30]} 3. Nc3 {[%clk 1:31:41]} Bg7 {[%clk 1:30:45]} 4. e4
{[%clk 1:31:56]} d6 {[%clk 1:30:55]} 5. Be2 {[%clk 1:32:20]} O-O {[%clk 1:31:17]}
6. Nf3 {[%clk 1:32:20]} e5 {[%clk 1:30:42]} 7. Be3 {[%clk 1:31:52]} exd4
{[%clk 1:29:27]} 8. Nxd4 {[%clk 1:31:57]} Re8 {[%clk 1:27:38]} 9. f3
{[%clk 1:30:51]} c6 {[%clk 1:25:34]} 10. Bf2 {[%clk 1:30:59]} d5 {[%clk 1:24:45]}
11. exd5 {[%clk 1:30:19]} cxd5 {[%clk 1:24:22]} 12. c5 {[%clk 1:30:44]} Nc6
{[%clk 1:23:57]} 13. O-O {[%clk 1:22:57]} Nh5 {[%clk 1:22:52]} 14. Qd2
{[%clk 1:16:01]} Be5 {[%clk 1:20:55]} 15. g3 {[%clk 1:14:53]} Ng7
{[%clk 1:18:50]} 16. Rad1 {[%clk 1:07:10]} Bf5 {[%clk 1:08:25]} 17. g4
{[%clk 0:55:11]} Be6 {[%clk 1:01:58]} 18. f4 {[%clk 0:54:44]} Bxd4
{[%clk 0:52:15]} 19. Bxd4 {[%clk 0:54:56]} Nxd4 {[%clk 0:49:25]} 20. Qxd4
{[%clk 0:55:17]} Qh4 {[%clk 0:44:13]} 21. Qf2 {[%clk 0:54:43]} Qxf2+
{[%clk 0:40:18]} 22. Rxf2 {[%clk 0:50:39]} Red8 {[%clk 0:33:16]} 23. Bf3
{[%clk 0:47:10]} d4 {[%clk 0:25:48]} 24. Rfd2 {[%clk 0:46:34]} Ne8
{[%clk 0:22:41]} 25. Rxd4 {[%clk 0:45:48]} Rxd4 {[%clk 0:22:54]} 26. Rxd4
{[%clk 0:46:16]} Rc8 {[%clk 0:22:25]} 27. b4 {[%clk 0:43:35]} Rb8
{[%clk 0:21:11]} 28. Nb5 {[%clk 0:38:24]} Bxa2 {[%clk 0:16:14]} 29. Rd7
{[%clk 0:37:29]} b6 {[%clk 0:11:14]} 30. c6 {[%clk 0:36:46]} a6 {[%clk 0:10:51]}
31. c7 {[%clk 0:35:35]} Rc8 {[%clk 0:11:18]} 32. Bb7 {[%clk 0:35:52]} Nxc7
{[%clk 0:10:58]} 33. Nxc7 {[%clk 0:33:49]} 1-0

[Event "EYCC 2024 - O12"]
[Site "?"]
[Date "2024.08.28"]
[Round "6.5"]
[White "Shilon Rahav, Eliran"]
[Black "Hanache, Kai"]
[Result "1-0"]
[BlackElo "2057"]
[WhiteElo "2103"]
[LiveChessVersion "1.4.8"]

1. e4 {[%clk 1:30:54]} c5 {[%clk 1:30:57]} 2. Nf3 {[%clk 1:31:17]} d6
{[%clk 1:31:26]} 3. Nc3 {[%clk 1:31:20]} Nc6 {[%clk 1:31:13]} 4. d4
{[%clk 1:31:40]} cxd4 {[%clk 1:31:37]} 5. Nxd4 {[%clk 1:32:04]} Nf6
{[%clk 1:31:58]} 6. Bg5 {[%clk 1:30:45]} e6 {[%clk 1:32:11]} 7. Qd3
{[%clk 1:30:34]} a6 {[%clk 1:31:15]} 8. Nxc6 {[%clk 1:29:56]} bxc6
{[%clk 1:31:35]} 9. O-O-O {[%clk 1:29:14]} e5 {[%clk 1:29:20]} 10. f4
{[%clk 1:18:55]} h6 {[%clk 1:23:17]} 11. Bh4 {[%clk 1:15:42]} Qc7
{[%clk 1:15:36]} 12. fxe5 {[%clk 1:06:37]} dxe5 {[%clk 1:15:02]} 13. Bxf6
{[%clk 1:04:30]} gxf6 {[%clk 1:15:04]} 14. Qf3 {[%clk 1:04:14]} Be7
{[%clk 1:08:04]} 15. Bc4 {[%clk 1:02:50]} h5 {[%clk 1:06:10]} 16. h3
{[%clk 0:59:47]} h4 {[%clk 0:45:07]} 17. g4 {[%clk 0:56:19]} hxg3
{[%clk 0:41:17]} 18. Qxg3 {[%clk 0:56:28]} Bf8 {[%clk 0:41:43]} 19. Rhf1
{[%clk 0:49:50]} Rh6 {[%clk 0:38:25]} 20. Qg8 {[%clk 0:47:28]} Qe7
{[%clk 0:37:17]} 21. Rg1 {[%clk 0:20:58]} Rxh3 {[%clk 0:22:11]} 22. Na4
{[%clk 0:06:11]} Be6 {[%clk 0:16:29]} 23. Bxe6 {[%clk 0:06:05]} Qxe6
{[%clk 0:16:13]} 24. Nb6 {[%clk 0:06:04]} Ra7 {[%clk 0:15:19]} 25. Rg7
{[%clk 0:04:26]} Re7 {[%clk 0:07:15]} 26. b3 {[%clk 0:02:44]} Rh2
{[%clk 0:06:28]} 27. Rg3 {[%clk 0:02:14]} Rh3 {[%clk 0:05:43]} 28. Rg2
{[%clk 0:02:07]} c5 {[%clk 0:02:27]} 29. Nd5 {[%clk 0:02:22]} Ra7
{[%clk 0:01:52]} 30. Rgd2 {[%clk 0:02:33]} Qc6 {[%clk 0:00:34]} 31. Nxf6+
{[%clk 0:01:35]} Ke7 {[%clk 0:01:00]} 32. Nd5+ {[%clk 0:01:54]} Ke8
{[%clk 0:01:09]} 33. Nc7+ {[%clk 0:02:03]} Ke7 {[%clk 0:01:17]} 34. Rd7+
{[%clk 0:01:58]} Qxd7 {[%clk 0:01:41]} 35. Rxd7+ {[%clk 0:02:24]} Kxd7
{[%clk 0:02:03]} 36. Qxf7+ {[%clk 0:02:35]} Kc6 {[%clk 0:02:19]} 37. Qxf8
{[%clk 0:02:14]} Rxc7 {[%clk 0:02:19]} 38. Qf6+ {[%clk 0:02:20]} Kb5
{[%clk 0:02:24]} 39. a4+ {[%clk 0:01:59]} Kb4 {[%clk 0:02:09]} 40. Qb6+
{[%clk 0:02:24]} Kc3 {[%clk 0:02:30]} 41. Qa5+ {[%clk 0:02:49]} 1-0

[Event "EYCC 2024 - O12"]
[Site "?"]
[Date "2024.08.28"]
[Round "6.6"]
[White "Beniosev, Daniel"]
[Black "Gibala, Adam"]
[Result "0-1"]
[BlackElo "2199"]
[WhiteElo "1728"]
[LiveChessVersion "1.4.8"]

1. e4 {[%clk 1:30:45]} c5 {[%clk 1:30:56]} 2. Nc3 {[%clk 1:30:37]} d6
{[%clk 1:31:20]} 3. g3 {[%clk 1:30:38]} g6 {[%clk 1:31:46]} 4. Bg2
{[%clk 1:30:26]} Nc6 {[%clk 1:32:10]} 5. d3 {[%clk 1:30:38]} Bg7 {[%clk 1:32:36]}
6. Be3 {[%clk 1:30:19]} e5 {[%clk 1:32:59]} 7. h4 {[%clk 1:29:26]} h5
{[%clk 1:33:07]} 8. Nd5 {[%clk 1:28:06]} Bg4 {[%clk 1:31:25]} 9. Qd2
{[%clk 1:20:13]} Qd7 {[%clk 1:30:56]} 10. Ne2 {[%clk 1:12:56]} Nd4
{[%clk 1:30:25]} 11. Bxd4 {[%clk 1:12:27]} exd4 {[%clk 1:21:00]} 12. Qa5
{[%clk 1:10:34]} Kf8 {[%clk 1:14:07]} 13. f3 {[%clk 1:10:28]} Be6
{[%clk 1:14:30]} 14. Nef4 {[%clk 1:10:24]} Be5 {[%clk 1:13:16]} 15. Nc7
{[%clk 1:03:38]} Bxf4 {[%clk 1:12:39]} 16. gxf4 {[%clk 1:01:19]} b6
{[%clk 1:12:15]} 17. Nxe6+ {[%clk 1:00:48]} Qxe6 {[%clk 1:11:28]} 18. Qd2
{[%clk 1:00:06]} Nh6 {[%clk 1:03:52]} 19. Qf2 {[%clk 0:56:03]} d5
{[%clk 0:54:37]} 20. O-O {[%clk 0:53:56]} Kg7 {[%clk 0:53:58]} 21. Qg3
{[%clk 0:54:16]} f5 {[%clk 0:51:24]} 22. Rae1 {[%clk 0:51:57]} Rae8
{[%clk 0:49:25]} 23. Bh3 {[%clk 0:50:53]} Qf6 {[%clk 0:48:56]} 24. Qg5
{[%clk 0:47:52]} Nf7 {[%clk 0:48:24]} 25. Qg3 {[%clk 0:48:11]} Kh7
{[%clk 0:46:36]} 26. Kh2 {[%clk 0:48:26]} Rhf8 {[%clk 0:44:53]} 27. Rg1
{[%clk 0:47:29]} Nh6 {[%clk 0:42:26]} 28. exd5 {[%clk 0:47:09]} Nf7
{[%clk 0:41:55]} 29. Rxe8 {[%clk 0:45:36]} Rxe8 {[%clk 0:42:24]} 30. Re1
{[%clk 0:46:00]} Rxe1 {[%clk 0:42:21]} 31. Qxe1 {[%clk 0:46:24]} Qd6
{[%clk 0:42:46]} 32. Kg3 {[%clk 0:46:10]} Qxd5 {[%clk 0:42:03]} 33. a3
{[%clk 0:45:57]} Kg7 {[%clk 0:40:20]} 34. c3 {[%clk 0:44:21]} dxc3
{[%clk 0:39:15]} 35. Qxc3+ {[%clk 0:44:46]} Kg8 {[%clk 0:34:08]} 36. Bf1
{[%clk 0:44:32]} Qd6 {[%clk 0:31:32]} 37. b4 {[%clk 0:43:30]} Nd8
{[%clk 0:26:02]} 38. Be2 {[%clk 0:39:16]} Ne6 {[%clk 0:23:52]} 39. Qc4
{[%clk 0:39:40]} b5 {[%clk 0:22:30]} 40. bxc5 {[%clk 0:40:01]} bxc4
{[%clk 0:22:55]} 41. cxd6 {[%clk 0:40:14]} c3 {[%clk 0:23:24]} 42. Bd1
{[%clk 0:40:02]} Kf8 {[%clk 0:23:49]} 0-1

[Event "EYCC 2024 - O12"]
[Site "?"]
[Date "2024.08.28"]
[Round "6.7"]
[White "Fulgentini, Edoardo"]
[Black "Brzezina, Pawel"]
[Result "1/2-1/2"]
[BlackElo "2121"]
[WhiteElo "2009"]
[LiveChessVersion "1.4.8"]

1. e4 {[%clk 1:30:57]} e5 {[%clk 1:30:21]} 2. Nf3 {[%clk 1:31:22]} Nc6
{[%clk 1:30:41]} 3. Bb5 {[%clk 1:31:44]} a6 {[%clk 1:30:40]} 4. Ba4
{[%clk 1:32:06]} Nf6 {[%clk 1:30:34]} 5. O-O {[%clk 1:32:26]} Nxe4
{[%clk 1:30:15]} 6. d4 {[%clk 1:32:51]} b5 {[%clk 1:30:31]} 7. Bb3
{[%clk 1:33:17]} d5 {[%clk 1:30:53]} 8. dxe5 {[%clk 1:33:43]} Be6
{[%clk 1:31:11]} 9. c3 {[%clk 1:34:08]} Bc5 {[%clk 1:29:38]} 10. Nbd2
{[%clk 1:34:28]} O-O {[%clk 1:28:40]} 11. Bc2 {[%clk 1:34:51]} Nxf2
{[%clk 1:27:48]} 12. Rxf2 {[%clk 1:35:16]} f6 {[%clk 1:27:06]} 13. Nf1
{[%clk 1:35:41]} Bxf2+ {[%clk 1:27:12]} 14. Kxf2 {[%clk 1:36:06]} fxe5
{[%clk 1:27:16]} 15. Kg1 {[%clk 1:36:31]} Qd6 {[%clk 1:12:24]} 16. Be3
{[%clk 1:36:33]} Kh8 {[%clk 1:02:02]} 17. Ng5 {[%clk 1:14:09]} Bg8
{[%clk 1:00:07]} 18. Ng3 {[%clk 1:05:22]} e4 {[%clk 0:48:11]} 19. Qh5
{[%clk 1:02:04]} Rf6 {[%clk 0:35:24]} 20. Rd1 {[%clk 0:55:12]} Qe7
{[%clk 0:33:24]} 21. Bb3 {[%clk 0:38:10]} Rd8 {[%clk 0:30:37]} 22. Nh3
{[%clk 0:31:43]} Bf7 {[%clk 0:24:49]} 23. Qe2 {[%clk 0:28:48]} h6
{[%clk 0:22:44]} 24. Nh5 {[%clk 0:22:10]} Rf5 {[%clk 0:20:59]} 25. Ng3
{[%clk 0:22:12]} Rf6 {[%clk 0:21:10]} 26. Nh5 {[%clk 0:18:14]} Rf5
{[%clk 0:21:34]} 27. Ng3 {[%clk 0:18:38]} 1/2-1/2

[Event "EYCC 2024 - O12"]
[Site "?"]
[Date "2024.08.28"]
[Round "6.8"]
[White "Golubovic, Erik"]
[Black "Varyemez, Ali"]
[Result "1/2-1/2"]
[BlackElo "1964"]
[WhiteElo "2117"]
[LiveChessVersion "1.4.8"]

1. d4 {[%clk 1:30:55]} Nf6 {[%clk 1:30:56]} 2. c4 {[%clk 1:31:12]} e6
{[%clk 1:31:22]} 3. Nf3 {[%clk 1:31:29]} d5 {[%clk 1:31:46]} 4. g3
{[%clk 1:31:45]} Bb4+ {[%clk 1:32:12]} 5. Bd2 {[%clk 1:32:00]} Be7
{[%clk 1:32:36]} 6. Bg2 {[%clk 1:32:10]} O-O {[%clk 1:32:55]} 7. O-O
{[%clk 1:32:23]} c6 {[%clk 1:33:22]} 8. Qc2 {[%clk 1:31:49]} b6 {[%clk 1:32:41]}
9. b3 {[%clk 1:30:55]} Bb7 {[%clk 1:31:22]} 10. Nc3 {[%clk 1:30:32]} Nbd7
{[%clk 1:30:02]} 11. Rfd1 {[%clk 1:30:06]} Rc8 {[%clk 1:26:00]} 12. e4
{[%clk 1:29:49]} c5 {[%clk 1:21:54]} 13. e5 {[%clk 1:11:03]} Ne4 {[%clk 1:21:02]}
14. Bf4 {[%clk 1:09:06]} Nxc3 {[%clk 1:13:48]} 15. Qxc3 {[%clk 1:09:32]} dxc4
{[%clk 1:13:05]} 16. Qxc4 {[%clk 1:06:13]} Bd5 {[%clk 1:10:34]} 17. Qe2
{[%clk 1:05:32]} Qc7 {[%clk 1:07:53]} 18. Ne1 {[%clk 0:59:56]} Bxg2
{[%clk 1:04:26]} 19. Kxg2 {[%clk 0:59:37]} Qb7+ {[%clk 1:00:17]} 20. Qf3
{[%clk 0:54:02]} Qxf3+ {[%clk 0:59:42]} 21. Nxf3 {[%clk 0:54:22]} cxd4
{[%clk 0:48:13]} 22. Rxd4 {[%clk 0:50:14]} Rfd8 {[%clk 0:47:44]} 23. Rad1
{[%clk 0:48:58]} Nb8 {[%clk 0:34:15]} 24. Rxd8+ {[%clk 0:42:56]} Rxd8
{[%clk 0:33:30]} 25. Rxd8+ {[%clk 0:41:14]} Bxd8 {[%clk 0:33:57]} 26. Nd4
{[%clk 0:34:41]} Kf8 {[%clk 0:33:14]} 27. Kf3 {[%clk 0:32:21]} Ke7
{[%clk 0:31:48]} 28. Bg5+ {[%clk 0:30:11]} Kd7 {[%clk 0:26:47]} 29. Bxd8
{[%clk 0:30:09]} Kxd8 {[%clk 0:27:15]} 30. Ke4 {[%clk 0:24:00]} Kd7
{[%clk 0:24:50]} 31. f4 {[%clk 0:24:02]} Nc6 {[%clk 0:22:21]} 32. Nb5
{[%clk 0:23:57]} a6 {[%clk 0:20:32]} 33. Nc3 {[%clk 0:22:32]} h5 {[%clk 0:15:44]}
34. h3 {[%clk 0:20:42]} g6 {[%clk 0:14:32]} 35. g4 {[%clk 0:20:18]} hxg4
{[%clk 0:14:54]} 36. hxg4 {[%clk 0:20:47]} Nb4 {[%clk 0:13:04]} 1/2-1/2

[Event "EYCC 2024 - O12"]
[Site "?"]
[Date "2024.08.28"]
[Round "6.9"]
[White "Tatvidze, Davit"]
[Black "Platonovs, Nikolajs"]
[Result "1/2-1/2"]
[BlackElo "2092"]
[WhiteElo "2011"]
[LiveChessVersion "1.4.8"]

1. c4 {[%clk 1:30:57]} e6 {[%clk 1:30:51]} 2. Nc3 {[%clk 1:31:10]} d5
{[%clk 1:31:16]} 3. d4 {[%clk 1:31:37]} Nf6 {[%clk 1:31:34]} 4. cxd5
{[%clk 1:32:01]} exd5 {[%clk 1:31:58]} 5. Bg5 {[%clk 1:32:27]} c6
{[%clk 1:32:19]} 6. Qc2 {[%clk 1:32:21]} Be7 {[%clk 1:32:16]} 7. e3
{[%clk 1:32:42]} h6 {[%clk 1:32:36]} 8. Bh4 {[%clk 1:33:06]} Nbd7
{[%clk 1:32:46]} 9. Bd3 {[%clk 1:33:23]} Nh5 {[%clk 1:32:42]} 10. Bxe7
{[%clk 1:33:12]} Qxe7 {[%clk 1:33:03]} 11. Nge2 {[%clk 1:33:41]} O-O
{[%clk 1:32:25]} 12. g4 {[%clk 1:33:46]} Nhf6 {[%clk 1:32:42]} 13. Rg1
{[%clk 1:34:00]} Ne8 {[%clk 1:31:35]} 14. O-O-O {[%clk 1:29:07]} Nd6
{[%clk 1:28:47]} 15. Nf4 {[%clk 1:15:53]} Re8 {[%clk 1:07:33]} 16. Nfxd5
{[%clk 1:03:12]} cxd5 {[%clk 1:07:48]} 17. Nxd5 {[%clk 1:03:39]} Qh4
{[%clk 0:48:29]} 18. Nc7 {[%clk 1:03:47]} Nb6 {[%clk 0:47:13]} 19. Nxe8
{[%clk 0:50:37]} Nxe8 {[%clk 0:47:30]} 20. f3 {[%clk 0:49:31]} Be6
{[%clk 0:44:17]} 21. Kb1 {[%clk 0:48:54]} Rc8 {[%clk 0:42:24]} 22. Qe2
{[%clk 0:46:09]} Nd6 {[%clk 0:39:56]} 23. Rc1 {[%clk 0:45:16]} Rxc1+
{[%clk 0:32:51]} 24. Rxc1 {[%clk 0:45:44]} Nd5 {[%clk 0:32:32]} 25. a3
{[%clk 0:38:34]} g6 {[%clk 0:25:22]} 26. e4 {[%clk 0:29:27]} Nf4 {[%clk 0:25:42]}
27. Qd2 {[%clk 0:29:51]} Nxd3 {[%clk 0:25:23]} 28. Qxd3 {[%clk 0:29:40]} Qxh2
{[%clk 0:25:27]} 29. e5 {[%clk 0:29:58]} Nc4 {[%clk 0:15:38]} 30. Rxc4
{[%clk 0:29:51]} Bxc4 {[%clk 0:16:04]} 31. Qxc4 {[%clk 0:30:17]} Qg1+
{[%clk 0:16:09]} 32. Ka2 {[%clk 0:30:40]} Qe3 {[%clk 0:15:47]} 33. Qd5
{[%clk 0:30:28]} Kg7 {[%clk 0:14:33]} 34. a4 {[%clk 0:21:30]} h5 {[%clk 0:11:55]}
35. gxh5 {[%clk 0:20:12]} gxh5 {[%clk 0:12:19]} 36. a5 {[%clk 0:18:20]} h4
{[%clk 0:10:00]} 37. Qd7 {[%clk 0:08:59]} Qg5 {[%clk 0:05:45]} 38. Qh3
{[%clk 0:02:48]} Qg3 {[%clk 0:04:14]} 39. Qf5 {[%clk 0:03:04]} Qg6
{[%clk 0:03:58]} 40. Qf4 {[%clk 0:03:10]} Qe6+ {[%clk 0:02:54]} 41. Ka1
{[%clk 0:02:32]} h3 {[%clk 0:02:42]} 42. Qg3+ {[%clk 0:02:51]} Kf8
{[%clk 0:02:18]} 43. Qh4 {[%clk 0:01:38]} Qf5 {[%clk 0:01:28]} 44. Qh8+
{[%clk 0:00:51]} Ke7 {[%clk 0:01:49]} 45. Qh4+ {[%clk 0:00:40]} Ke6
{[%clk 0:01:05]} 46. Qd8 {[%clk 0:00:48]} Qxf3 {[%clk 0:00:38]} 47. Qc8+
{[%clk 0:00:37]} Ke7 {[%clk 0:00:52]} 48. Qc5+ {[%clk 0:01:00]} Kd8
{[%clk 0:00:32]} 49. Qf8+ {[%clk 0:00:49]} Kd7 {[%clk 0:00:38]} 50. Qd6+
{[%clk 0:01:07]} Ke8 {[%clk 0:00:46]} 51. Qb8+ {[%clk 0:01:28]} 1/2-1/2

[Event "EYCC 2024 - O12"]
[Site "?"]
[Date "2024.08.28"]
[Round "6.10"]
[White "Kiryttopoulos, Ioannis"]
[Black "Oikonomopoulos, Filippos"]
[Result "1-0"]
[BlackElo "2088"]
[WhiteElo "1922"]
[LiveChessVersion "1.4.8"]

1. e4 {[%clk 1:30:57]} c5 {[%clk 1:30:56]} 2. Nf3 {[%clk 1:31:22]} Nc6
{[%clk 1:31:20]} 3. d4 {[%clk 1:31:48]} cxd4 {[%clk 1:31:44]} 4. Nxd4
{[%clk 1:32:15]} Nf6 {[%clk 1:32:09]} 5. Nc3 {[%clk 1:32:40]} d6 {[%clk 1:32:30]}
6. Bg5 {[%clk 1:31:42]} e6 {[%clk 1:32:50]} 7. Qd2 {[%clk 1:30:39]} a6
{[%clk 1:33:07]} 8. O-O-O {[%clk 1:30:02]} Bd7 {[%clk 1:32:02]} 9. f4
{[%clk 1:23:41]} Be7 {[%clk 1:29:39]} 10. Nf3 {[%clk 1:18:13]} b5
{[%clk 1:20:59]} 11. e5 {[%clk 1:09:56]} b4 {[%clk 1:21:16]} 12. exf6
{[%clk 1:06:15]} bxc3 {[%clk 1:21:27]} 13. Qxc3 {[%clk 1:06:39]} gxf6
{[%clk 1:21:50]} 14. f5 {[%clk 0:59:31]} e5 {[%clk 1:14:12]} 15. Be3
{[%clk 0:57:36]} d5 {[%clk 1:06:40]} 16. Rxd5 {[%clk 0:51:13]} Nb4
{[%clk 1:06:41]} 17. Bc4 {[%clk 0:51:22]} Nxd5 {[%clk 0:57:01]} 18. Bxd5
{[%clk 0:51:48]} Rc8 {[%clk 0:57:13]} 19. Qb3 {[%clk 0:49:43]} Bc5
{[%clk 0:57:38]} 20. Nxe5 {[%clk 0:41:48]} Bxe3+ {[%clk 0:26:48]} 21. Qxe3
{[%clk 0:42:12]} Qe7 {[%clk 0:26:32]} 22. Bxf7+ {[%clk 0:39:36]} Kd8
{[%clk 0:26:59]} 23. Qb6+ {[%clk 0:35:35]} Rc7 {[%clk 0:27:26]} 24. Nxd7
{[%clk 0:30:44]} Qxf7 {[%clk 0:22:07]} 25. Rd1 {[%clk 0:26:15]} 1-0